| 000 | 00393nam a2200133 a 4500 | ||
|---|---|---|---|
| 001 | 000027755 | ||
| 005 | 20200930031054.0 | ||
| 008 | 110404s1984 dr 000 0 spa d | ||
| 040 |
_aDO-SdBNP _bspa _cBNPHU |
||
| 110 | 1 |
_aRepública Dominicana . _bComite Olimpico Dominicano _954834 |
|
| 245 | 1 | 0 | _aCarta Olímpica 1984. |
| 260 |
_a[Santo Domingo] : _b[s. n.], _c1984. |
||
| 300 |
_a173 p. ; _c21 cm. |
||
| 999 |
_c27247 _d27247 |
||